| 000 | 00488nam a2200205Ia 4500 | ||
|---|---|---|---|
| 005 | 20251020182544.0 | ||
| 008 | 200515s9999 xx 000 0 und d | ||
| 082 | _a747/ID29/5 | ||
| 110 | _aIdeafabrics in decoration : Idea textil decoration | ||
| 245 | 0 | _aAlfombras/Carpets Baños/Bath Sets | |
| 260 | _aBarcelona | ||
| 260 | _cs.a. | ||
| 300 | _a119 | ||
| 500 | _a1 ejemplar | ||
| 650 | _aALFOMBRAS | ||
| 650 | _aBAÑOS | ||
| 650 | _aLIB | ||
| 650 | _aTEXTILES | ||
| 942 | _cLIB | ||
| 999 |
_c2499 _d2499 |
||